[Event "BL2-Sued 2324"]
[Site "Germany"]
[Date "2024.02.24"]
[Round "7.6"]
[White "Gurevich, Vladimir"]
[Black "Vlasak, Lukas"]
[Result "1/2-1/2"]
[WhiteElo "2444"]
[BlackElo "2442"]
[PlyCount "34"]
[EventDate "2023.10.21"]
[EventType "team-tourn"]
[EventRounds "10"]
[EventCountry "GER"]
[SourceTitle "EXT 2025"]
[Source "ChessBase"]
[SourceDate "2024.10.14"]
[SourceVersion "1"]
[SourceVersionDate "2024.10.14"]
[SourceQuality "1"]
[WhiteTeam "Hofheim"]
[BlackTeam "Bad Mergentheim"]
[WhiteTeamCountry "GER"]
[BlackTeamCountry "GER"]

1. e4 c5 2. Nf3 Nc6 3. d4 cxd4 4. Nxd4 e5 5. Nb5 d6 6. c4 g6 7. N1c3 a6 8. Na3 Bg7 9. Nc2 Be6 10. Bd3 Nf6 11. 0-0 0-0 12. Bd2 Rc8 13. Rc1 Nd7 14. b4 f5 15. Nd5 Qh4 16. f3 fxe4 17. Bxe4 Kh8 1/2-1/2

[Event "BL2-Sued 2324"]
[Site "Germany"]
[Date "2023.10.20"]
[Round "8.6"]
[White "Degenhard, Simon"]
[Black "Gurevich, Vladimir"]
[Result "0-1"]
[WhiteElo "2207"]
[BlackElo "2444"]
[PlyCount "58"]
[EventDate "2023.10.21"]
[EventType "team-tourn"]
[EventRounds "10"]
[EventCountry "GER"]
[SourceTitle "EXT 2025"]
[Source "ChessBase"]
[SourceDate "2024.10.14"]
[SourceVersion "1"]
[SourceVersionDate "2024.10.14"]
[SourceQuality "1"]
[WhiteTeam "Heilbronn"]
[BlackTeam "Hofheim"]
[WhiteTeamCountry "GER"]
[BlackTeamCountry "GER"]

1. e4 c5 2. Nf3 a6 3. g3 d6 4. Bg2 Nc6 5. 0-0 Nf6 6. Re1 Bg4 7. c3 g6 8. d3 Bg7 9. Nbd2 0-0 10. h3 Bd7 11. d4 cxd4 12. cxd4 Rc8 13. a3 b5 14. Nb3 h6 15. Bd2 d5 16. exd5 Nxd5 17. Nc5 e6 18. b4 a5 19. Nxd7 Qxd7 20. bxa5 Qa7 21. Rb1 Nxd4 22. Nxd4 Bxd4 23. Qf3 Rc7 24. Re2 Nc3 25. Bxc3 Rxc3 26. Qb7 Qxa5 27. Qxb5 Qxa3 28. Kh2 Qa7 29. Rf1 Rb8 0-1

[Event "BL2-Sued 2223"]
[Site "Germany"]
[Date "2023.02.25"]
[Round "7.4"]
[White "Faerber, David"]
[Black "Gurevich, Vladimir"]
[Result "1/2-1/2"]
[WhiteElo "2354"]
[BlackElo "2456"]
[PlyCount "45"]
[EventDate "2022.10.22"]
[EventType "team-tourn"]
[EventRounds "9"]
[EventCountry "GER"]
[SourceTitle "EXT 2024"]
[Source "ChessBase"]
[SourceDate "2023.10.10"]
[SourceVersion "1"]
[SourceVersionDate "2023.10.10"]
[SourceQuality "1"]
[WhiteTeam "Walldorf"]
[BlackTeam "Hofheim"]
[WhiteTeamCountry "GER"]
[BlackTeamCountry "GER"]

1. e4 c5 2. c3 d5 3. exd5 Qxd5 4. d4 e6 5. Nf3 Nf6 6. Na3 a6 7. Nc4 Nbd7 8. Be2 cxd4 9. Nxd4 Be7 10. 0-0 0-0 11. Bf4 Re8 12. Qb3 e5 13. Nxe5 Nxe5 14. Qxd5 Nxd5 15. Bxe5 Ba3 16. bxa3 Nxc3 17. f4 Nxe2+ 18. Nxe2 f6 19. Nc3 fxe5 20. Rae1 Bd7 21. Rxe5 Rxe5 22. fxe5 Be6 23. Rf3 1/2-1/2

[Event "BL2-Sued 2223"]
[Site "Germany"]
[Date "2022.11.25"]
[Round "6.4"]
[White "Neuman, Petr"]
[Black "Gurevich, Vladimir"]
[Result "1/2-1/2"]
[WhiteElo "2387"]
[BlackElo "2456"]
[PlyCount "47"]
[EventDate "2022.10.22"]
[EventType "team-tourn"]
[EventRounds "9"]
[EventCountry "GER"]
[SourceTitle "EXT 2024"]
[Source "ChessBase"]
[SourceDate "2023.10.10"]
[SourceVersion "1"]
[SourceVersionDate "2023.10.10"]
[SourceQuality "1"]
[WhiteTeam "Bad Mergentheim"]
[BlackTeam "Hofheim"]
[WhiteTeamCountry "GER"]
[BlackTeamCountry "GER"]

1. d4 Nf6 2. c4 e6 3. Nc3 Bb4 4. Qc2 0-0 5. a3 Bxc3+ 6. Qxc3 Ne4 7. Qc2 f5 8. Nh3 d6 9. f3 Nf6 10. e3 e5 11. dxe5 dxe5 12. Nf2 Nc6 13. Be2 a5 14. 0-0 Be6 15. b3 Qe7 16. Bb2 Nd7 17. Bc3 Qf7 18. Bd2 Nb6 19. Rac1 Rfd8 20. Rfd1 Qe7 21. Qb2 Qf7 22. Qc2 Qe7 23. Qb2 Qf7 24. Qc2 1/2-1/2

[Event "BL2-West 2122"]
[Site "Germany"]
[Date "2022.05.15"]
[Round "6.3"]
[White "Bethke, Richard"]
[Black "Gurevich, Vladimir"]
[Result "1/2-1/2"]
[WhiteElo "2327"]
[BlackElo "2466"]
[PlyCount "78"]
[EventDate "2022.03.05"]
[EventType "team-tourn"]
[EventRounds "10"]
[EventCountry "GER"]
[SourceTitle "EXT 2023"]
[Source "ChessBase"]
[SourceDate "2022.10.05"]
[SourceVersion "1"]
[SourceVersionDate "2022.10.05"]
[SourceQuality "1"]
[WhiteTeam "Neuberg"]
[BlackTeam "Hofheim"]
[WhiteTeamCountry "GER"]
[BlackTeamCountry "GER"]

1. e4 c5 2. Nf3 d6 3. d4 cxd4 4. Nxd4 Nf6 5. Nc3 a6 6. Be3 e6 7. Be2 Qc7 8. g4 d5 9. exd5 Bb4 10. dxe6 Bxc3+ 11. bxc3 Qxc3+ 12. Kf1 fxe6 13. Qe1 Qc7 14. c4 0-0 15. h3 Nc6 16. Nxc6 Qxc6 17. Rg1 e5 18. Qa5 Be6 19. Rc1 Nd7 20. h4 Rac8 21. h5 Qe4 22. Qd2 Rf7 23. c5 Nf6 24. Qc2 Qc6 25. Ke1 Nd5 26. Qe4 Nxe3 27. Qxe3 Bxa2 28. g5 Rf4 29. Qxe5 Re4 30. Qb2 Qe6 31. h6 Rc7 32. Rd1 Bd5 33. Rg3 Re7 34. Rd2 Qe5 35. Qxe5 R7xe5 36. Kd1 Bc6 37. Rd8+ Re8 38. Rxe8+ Bxe8 39. Kd2 Bc6 1/2-1/2

[Event "BL2-Sued 1920"]
[Site "Germany"]
[Date "2021.08.07"]
[Round "9.3"]
[White "Wahedi, Ahmad Siar"]
[Black "Gurevich, Vladimir"]
[Result "1-0"]
[WhiteElo "2281"]
[BlackElo "2469"]
[PlyCount "51"]
[EventDate "2019.10.19"]
[EventType "team-tourn"]
[EventRounds "11"]
[EventCountry "GER"]
[SourceTitle "EXT 2023"]
[Source "ChessBase"]
[SourceDate "2022.10.05"]
[SourceVersion "1"]
[SourceVersionDate "2022.10.05"]
[SourceQuality "1"]
[WhiteTeam "Neuberg"]
[BlackTeam "Hofheim"]
[WhiteTeamCountry "GER"]
[BlackTeamCountry "GER"]

1. e4 c5 2. a3 Nc6 3. Nc3 e6 4. Nf3 a6 5. Bc4 Nf6 6. Ba2 Be7 7. 0-0 0-0 8. Re1 Qc7 9. d3 d6 10. Ng5 b5 11. f4 Bb7 12. Re3 Nd4 13. Rh3 g6 14. Ne2 Rac8 15. Ng3 h5 16. c3 Nc6 17. f5 exf5 18. exf5 c4 19. N5e4 Ne5 20. Nxf6+ Bxf6 21. Nxh5 Bh8 22. d4 Nd3 23. fxg6 Nxc1 24. g7 Nd3 25. gxh8Q+ Kxh8 26. Qg4 1-0

[Event "Bundesliga 1819"]
[Site "Germany"]
[Date "2018.11.10"]
[Round "1.8"]
[White "Gurevich, Vladimir"]
[Black "Thiede, Lars"]
[Result "1/2-1/2"]
[WhiteElo "2469"]
[BlackElo "2411"]
[PlyCount "46"]
[EventDate "2018.11.10"]
[EventType "team-tourn"]
[EventRounds "15"]
[EventCountry "GER"]
[SourceTitle "CBM 187 Extra"]
[Source "ChessBase"]
[SourceDate "2018.11.04"]
[SourceVersion "1"]
[SourceVersionDate "2018.11.04"]
[SourceQuality "1"]
[WhiteTeam "Hofheim"]
[BlackTeam "Berlin SF"]
[WhiteTeamCountry "GER"]
[BlackTeamCountry "GER"]

1. e4 d6 2. d4 Nf6 3. Nc3 e5 4. Nf3 Nc6 5. Bb5 Bd7 6. 0-0 Be7 7. Re1 exd4 8. Nxd4 Nxd4 9. Qxd4 Bxb5 10. Nxb5 c6 11. Nc3 Qb6 12. Be3 Qxd4 13. Bxd4 0-0 14. Rad1 Rfd8 15. a4 Ne8 16. f4 Bf6 17. Kf2 Bxd4+ 18. Rxd4 Kf8 19. Red1 Ke7 20. Re1 Nc7 21. Kf3 Ne6 22. Rd2 Nc5 23. Red1 Rab8 1/2-1/2

[Event "Bundesliga 1718"]
[Site "Germany"]
[Date "2018.03.11"]
[Round "12.6"]
[White "Braun, Christian1"]
[Black "Gurevich, Vladimir"]
[Result "0-1"]
[WhiteElo "2369"]
[BlackElo "2475"]
[PlyCount "56"]
[EventDate "2017.10.21"]
[EventType "team-tourn"]
[EventRounds "15"]
[EventCountry "GER"]
[SourceTitle "CBM 184"]
[Source "ChessBase"]
[SourceDate "2018.05.16"]
[SourceVersion "1"]
[SourceVersionDate "2018.05.16"]
[SourceQuality "1"]
[WhiteTeam "Aachen"]
[BlackTeam "Hofheim"]
[WhiteTeamCountry "GER"]
[BlackTeamCountry "GER"]

1. e4 c5 2. Nf3 d6 3. d4 cxd4 4. Nxd4 Nf6 5. Nc3 a6 6. Be2 e5 7. Nb3 Be7 8. Bg5 Nbd7 9. a4 h6 10. Be3 b6 11. 0-0 0-0 12. Nd5 Bb7 13. Qd3 Nxd5 14. exd5 Bg5 15. a5 b5 16. Rfc1 f5 17. Bxg5 Qxg5 18. c4 bxc4 19. Rxc4 Nf6 20. f4 Qg6 21. Rc6 Bxc6 22. dxc6 Qf7 23. Rc1 Qa7+ 24. Kh1 Ne4 25. Qc4+ Kh8 26. h3 Qe3 27. Bf3 Nf2+ 28. Kh2 e4 0-1

[Event "Bundesliga 1718"]
[Site "Germany"]
[Date "2018.02.25"]
[Round "10.6"]
[White "Ftacnik, Lubomir"]
[Black "Gurevich, Vladimir"]
[Result "1-0"]
[WhiteElo "2546"]
[BlackElo "2475"]
[PlyCount "73"]
[EventDate "2017.10.21"]
[EventType "team-tourn"]
[EventRounds "15"]
[EventCountry "GER"]
[SourceTitle "CBM 183"]
[Source "ChessBase"]
[SourceDate "2018.03.14"]
[SourceVersion "1"]
[SourceVersionDate "2018.03.14"]
[SourceQuality "1"]
[WhiteTeam "Hamburger SK"]
[BlackTeam "Hofheim"]
[WhiteTeamCountry "GER"]
[BlackTeamCountry "GER"]

1. Nf3 c5 2. c4 Nf6 3. Nc3 e6 4. g3 b6 5. Bg2 Bb7 6. 0-0 a6 7. Re1 d6 8. e4 Nbd7 9. d4 cxd4 10. Nxd4 Qc7 11. Be3 Be7 12. Rc1 0-0 13. f4 Rac8 14. g4 g6 15. g5 Nh5 16. f5 Ne5 17. b3 exf5 18. Nxf5 Qd8 19. h4 f6 20. Nd5 Bxd5 21. Qxd5+ Kh8 22. Nxe7 Qxe7 23. Rcd1 Qd7 24. Qxd6 Qg4 25. Rf1 Rfd8 26. Qxd8+ Rxd8 27. Rxd8+ Kg7 28. gxf6+ Kf7 29. Bh6 Ng3 30. Rf8+ Ke6 31. Re8+ Kd6 32. Bf8+ Kc6 33. Rxe5 Ne2+ 34. Kf2 Nf4 35. Bf3 Qxh4+ 36. Ke3 Qxf6 37. Rc5+ 1-0

[Event "Bundesliga 1718"]
[Site "Germany"]
[Date "2018.02.04"]
[Round "8.5"]
[White "Bartel, Mateusz"]
[Black "Gurevich, Vladimir"]
[Result "1/2-1/2"]
[WhiteElo "2613"]
[BlackElo "2475"]
[PlyCount "42"]
[EventDate "2017.10.21"]
[EventType "team-tourn"]
[EventRounds "15"]
[EventCountry "GER"]
[SourceTitle "CBM 183"]
[Source "ChessBase"]
[SourceDate "2018.03.14"]
[SourceVersion "1"]
[SourceVersionDate "2018.03.14"]
[SourceQuality "1"]
[WhiteTeam "Dresden"]
[BlackTeam "Hofheim"]
[WhiteTeamCountry "GER"]
[BlackTeamCountry "GER"]

1. e4 c5 2. Nf3 a6 3. Nc3 e6 4. d4 cxd4 5. Nxd4 Qc7 6. Bd3 Nc6 7. Nb3 d6 8. Be3 Nf6 9. f4 b5 10. Qf3 Bb7 11. 0-0 Be7 12. a4 b4 13. Nb1 0-0 14. a5 e5 15. f5 d5 16. N1d2 Nb8 17. Rae1 Nbd7 18. g4 dxe4 19. Nxe4 Nxe4 20. Bxe4 Bxe4 21. Qxe4 Rac8 1/2-1/2

[Event "Bundesliga 1718"]
[Site "Germany"]
[Date "2017.12.10"]
[Round "6.7"]
[White "Gurevich, Vladimir"]
[Black "Gerigk, Erasmus"]
[Result "1/2-1/2"]
[WhiteElo "2475"]
[BlackElo "2339"]
[PlyCount "42"]
[EventDate "2017.10.21"]
[EventType "team-tourn"]
[EventRounds "15"]
[EventCountry "GER"]
[SourceTitle "CBM 182"]
[Source "ChessBase"]
[SourceDate "2018.01.17"]
[SourceVersion "1"]
[SourceVersionDate "2018.01.17"]
[SourceQuality "1"]
[WhiteTeam "Hofheim"]
[BlackTeam "Muenchen Zugzwang"]
[WhiteTeamCountry "GER"]
[BlackTeamCountry "GER"]

1. e4 c5 2. Nf3 Nc6 3. d4 cxd4 4. Nxd4 e5 5. Nb5 d6 6. c4 Be7 7. N1c3 a6 8. Na3 Be6 9. Nc2 Rc8 10. b3 Nf6 11. Bd3 0-0 12. 0-0 h6 13. Bb2 Qb6 14. Kh1 Qa7 15. Nd5 Nd7 16. Nce3 Bd8 17. Nf5 Bxf5 18. exf5 Nf6 19. Nxf6+ Bxf6 20. Qg4 Rfd8 21. Be4 b5 1/2-1/2

[Event "BL2-Sued 1516"]
[Site "Germany"]
[Date "2016.04.10"]
[Round "9.4"]
[White "Libiszewski, Fabien"]
[Black "Gurevich, Vladimir"]
[Result "1/2-1/2"]
[WhiteElo "2515"]
[BlackElo "2477"]
[PlyCount "81"]
[EventDate "2015.09.20"]
[EventType "team-tourn"]
[EventRounds "9"]
[EventCountry "GER"]
[SourceTitle "EXT 2017"]
[Source "ChessBase"]
[SourceDate "2016.10.25"]
[SourceVersion "1"]
[SourceVersionDate "2016.10.25"]
[SourceQuality "1"]
[WhiteTeam "Viernheim"]
[BlackTeam "Hofheim"]
[WhiteTeamCountry "GER"]
[BlackTeamCountry "GER"]

1. e4 c5 2. Nf3 d6 3. d4 cxd4 4. Qxd4 a6 5. h3 Nc6 6. Qe3 Nf6 7. c4 e6 8. Be2 Be7 9. 0-0 0-0 10. Rd1 Bd7 11. Nc3 Qb8 12. b3 Rc8 13. Ba3 b5 14. e5 dxe5 15. Bxe7 Nxe7 16. Qxe5 Ng6 17. Qxb8 Raxb8 18. Ne4 Nxe4 19. Rxd7 b4 20. Ra7 Nc5 21. Rd1 Rb6 22. g3 h6 23. h4 f6 24. Rd4 e5 25. Rd1 Kf8 26. h5 Ne7 27. Nh4 f5 28. g4 f4 29. g5 hxg5 30. Bg4 Re8 31. Ng6+ Nxg6 32. hxg6 Rf6 33. Rd5 Ne6 34. Rxe5 Nd4 35. Rxe8+ Kxe8 36. Rxg7 f3 37. Ra7 Kf8 38. g7+ Kg8 39. c5 Rh6 40. Ra8+ Kxg7 41. Ra7+ 1/2-1/2

[Event "BL2-Sued 1516"]
[Site "Germany"]
[Date "2016.01.31"]
[Round "6.3"]
[White "Jaeggi, Dorian"]
[Black "Gurevich, Vladimir"]
[Result "0-1"]
[WhiteElo "2307"]
[BlackElo "2477"]
[PlyCount "112"]
[EventDate "2015.09.20"]
[EventType "team-tourn"]
[EventRounds "9"]
[EventCountry "GER"]
[SourceTitle "EXT 2017"]
[Source "ChessBase"]
[SourceDate "2016.10.25"]
[SourceVersion "1"]
[SourceVersionDate "2016.10.25"]
[SourceQuality "1"]
[WhiteTeam "Brombach"]
[BlackTeam "Hofheim"]
[WhiteTeamCountry "GER"]
[BlackTeamCountry "GER"]

1. e4 c5 2. Nf3 d6 3. d4 cxd4 4. Nxd4 Nf6 5. Nc3 a6 6. Be3 e5 7. Nb3 Be6 8. Qd2 Nbd7 9. 0-0-0 Be7 10. f3 h5 11. Nd5 Bxd5 12. exd5 Rc8 13. Kb1 Nb6 14. Bxb6 Qxb6 15. Qa5 Bd8 16. Qxb6 Bxb6 17. c4 h4 18. Bd3 g6 19. Rhe1 Kf8 20. Re2 Nd7 21. Nd2 f5 22. b4 Rh7 23. Nb3 Nf6 24. Rc1 Re7 25. Rec2 Be3 26. Re1 Bf4 27. h3 Rce8 28. Rd1 Be3 29. Bf1 Rd7 30. a3 e4 31. fxe4 Rxe4 32. Bd3 Re5 33. Be2 g5 34. Rf1 Ne4 35. Bd3 Ng3 36. Rd1 g4 37. Be2 Ba7 38. Bf1 gxh3 39. gxh3 f4 40. Bg2 Re3 41. Nd2 Ne2 42. Rf1 Rg7 43. Bf3 Nd4 44. Rb2 Rxa3 45. Bg4 f3 46. Nxf3 Nxf3 47. Rxf3+ Rxf3 48. Bxf3 Rg1+ 49. Ka2 Bd4 50. Rc2 b6 51. Bg4 a5 52. bxa5 bxa5 53. Ka3 Bc5+ 54. Kb3 Rg3+ 55. Ka2 a4 56. Rd2 Rc3 0-1

[Event "BL2-Sued 1516"]
[Site "Germany"]
[Date "2015.12.13"]
[Round "4.5"]
[White "Gurevich, Vladimir"]
[Black "Kachiani Gersinska, Ketino"]
[Result "1/2-1/2"]
[WhiteElo "2477"]
[BlackElo "2347"]
[PlyCount "87"]
[EventDate "2015.09.20"]
[EventType "team-tourn"]
[EventRounds "9"]
[EventCountry "GER"]
[SourceTitle "EXT 2017"]
[Source "ChessBase"]
[SourceDate "2016.10.25"]
[SourceVersion "1"]
[SourceVersionDate "2016.10.25"]
[SourceQuality "1"]
[WhiteTeam "Hofheim"]
[BlackTeam "Baden-Baden II"]
[WhiteTeamCountry "GER"]
[BlackTeamCountry "GER"]

1. e4 c6 2. d4 d5 3. Nc3 dxe4 4. Nxe4 Bf5 5. Ng3 Bg6 6. h4 h6 7. Nf3 Nd7 8. h5 Bh7 9. Bd3 Bxd3 10. Qxd3 Ngf6 11. Bd2 e6 12. 0-0-0 Qc7 13. Qe2 c5 14. Rhe1 0-0-0 15. Ne5 Nb6 16. dxc5 Bxc5 17. f4 Rd4 18. c3 Rdd8 19. Kb1 Rhe8 20. c4 Na4 21. Bc1 Bb4 22. Rf1 Bd6 23. Rf3 Nc5 24. Rdf1 a5 25. b3 Na6 26. Bb2 Bc5 27. Rd1 Nb4 28. Rff1 Nc6 29. Rxd8+ Rxd8 30. Rd1 Rxd1+ 31. Qxd1 Bf2 32. Nf1 Ne4 33. Qe2 f5 34. Nd2 Nxd2+ 35. Qxd2 Bc5 36. Nxc6 Qxc6 37. Qe2 Qd7 38. Kc2 Bd6 39. g3 Bc7 40. Bc3 Qf7 41. Qd3 Qxh5 42. Bxg7 Qh2+ 43. Qd2 Qxg3 44. Bxh6 1/2-1/2

[Event "BL2-Sued 1415"]
[Site "Germany"]
[Date "2015.02.01"]
[Round "6.4"]
[White "Balcerak, Jakob"]
[Black "Gurevich, Vladimir"]
[Result "0-1"]
[WhiteElo "2447"]
[BlackElo "2484"]
[PlyCount "118"]
[EventDate "2014.09.21"]
[EventType "team-tourn"]
[EventRounds "9"]
[EventCountry "GER"]
[SourceTitle "CBM 166 Extra"]
[Source "ChessBase"]
[SourceDate "2015.06.18"]
[SourceVersion "1"]
[SourceVersionDate "2015.06.18"]
[SourceQuality "1"]
[WhiteTeam "Mainz Schott"]
[BlackTeam "Hofheim"]
[WhiteTeamCountry "GER"]
[BlackTeamCountry "GER"]

1. e4 c5 2. Nf3 a6 3. c4 e6 4. Nc3 Qc7 5. d4 cxd4 6. Nxd4 Nf6 7. Be3 Bb4 8. Bd3 Bxc3+ 9. bxc3 d6 10. Qa4+ Nbd7 11. e5 dxe5 12. Nb5 Qb8 13. Na3 0-0 14. Be2 b6 15. 0-0 Qc7 16. Rab1 Rb8 17. Qb4 Ne4 18. Rfd1 Nec5 19. f3 Bb7 20. Nc2 Bc6 21. Rd2 f5 22. Bg5 Rbe8 23. Rbd1 h6 24. Bh4 e4 25. Bf2 f4 26. fxe4 Bxe4 27. Ne1 Bc6 28. Bf3 Bxf3 29. gxf3 e5 30. Rd6 Rf6 31. Rxf6 Nxf6 32. Nd3 Rc8 33. Bxc5 bxc5 34. Qa4 a5 35. Re1 Nd7 36. Qd1 Rf8 37. Qe2 Rf5 38. Kh1 Qc6 39. Nf2 Nb6 40. Qd3 Qd7 41. Qc2 Qe6 42. Rd1 e4 43. fxe4 Re5 44. Re1 Qxc4 45. Qb3 Qe6 46. Qxe6+ Rxe6 47. Kg2 g5 48. Kf3 Nd7 49. Kg4 Kg7 50. Rb1 Kg6 51. Rb5 Rd6 52. Rxa5 Ne5+ 53. Kh3 Rd2 54. Rxc5 Nf3 55. Kg2 g4 56. e5 Nxh2 57. Rc4 Kf5 58. e6 g3 59. e7 gxf2 0-1

[Event "BL2-Sued 1213"]
[Site "Germany"]
[Date "2012.11.25"]
[Round "3.4"]
[White "Gurevich, Vladimir"]
[Black "Raykhman, Alexander"]
[Result "1-0"]
[WhiteElo "2481"]
[BlackElo "2362"]
[PlyCount "41"]
[EventDate "2012.10.14"]
[EventType "team-tourn"]
[EventRounds "9"]
[EventCountry "GER"]
[SourceTitle "CBM 154 Extra"]
[Source "ChessBase"]
[SourceDate "2013.06.25"]
[SourceVersion "2"]
[SourceVersionDate "2013.06.25"]
[SourceQuality "1"]
[WhiteTeam "Boeblingen"]
[BlackTeam "Baden-Baden II"]
[WhiteTeamCountry "GER"]
[BlackTeamCountry "GER"]

1. e4 c5 2. Nf3 d6 3. d4 cxd4 4. Nxd4 Nf6 5. Nc3 a6 6. Bc4 e6 7. a4 Nc6 8. Be3 Be7 9. 0-0 0-0 10. Qe2 d5 11. Rad1 Bd6 12. f4 Nxe4 13. Nxe4 dxe4 14. Nxc6 bxc6 15. Bd4 f5 16. Qf2 Qc7 17. Bxg7 Bxf4 18. Bxf8 Bxh2+ 19. Kh1 Kxf8 20. Qh4 Be5 21. Rd8+ 1-0

[Event "BL2-Sued 1112"]
[Site "Germany"]
[Date "2012.02.26"]
[Round "7.2"]
[White "Gurevich, Vladimir"]
[Black "Dann, Matthias"]
[Result "1/2-1/2"]
[WhiteElo "2474"]
[BlackElo "2379"]
[PlyCount "57"]
[EventDate "2011.10.02"]
[EventType "team-tourn"]
[EventRounds "9"]
[EventCountry "GER"]
[SourceTitle "EXT 2015"]
[Source "ChessBase"]
[SourceDate "2014.11.20"]
[SourceVersion "1"]
[SourceVersionDate "2014.11.20"]
[SourceQuality "1"]
[WhiteTeam "Boeblingen"]
[BlackTeam "Schott Mainz"]
[WhiteTeamCountry "GER"]
[BlackTeamCountry "GER"]

1. e4 e6 2. d4 d5 3. Nc3 Bb4 4. e5 Ne7 5. Bd2 b6 6. Nf3 h6 7. Nb1 Bxd2+ 8. Nbxd2 0-0 9. c3 Ba6 10. Bxa6 Nxa6 11. 0-0 c5 12. Qe2 Nb8 13. Rfd1 Nd7 14. Nf1 Qc7 15. Ng3 Nc6 16. Nh5 Rae8 17. Rd2 Qd8 18. Re1 c4 19. Qe3 b5 20. Rde2 b4 21. Qf4 bxc3 22. Qg4 g6 23. bxc3 Kh7 24. Nf4 Qa5 25. Re3 Ne7 26. Qh3 Nf5 27. R3e2 Kg7 28. g4 Ne7 29. Nh4 1/2-1/2

[Event "BL2-Sued 1112"]
[Site "Germany"]
[Date "2012.01.15"]
[Round "5.2"]
[White "Gurevich, Vladimir"]
[Black "Hera, Imre Jr"]
[Result "1/2-1/2"]
[WhiteElo "2474"]
[BlackElo "2533"]
[PlyCount "38"]
[EventDate "2011.10.02"]
[EventType "team-tourn"]
[EventRounds "9"]
[EventCountry "GER"]
[SourceTitle "EXT 2015"]
[Source "ChessBase"]
[SourceDate "2014.11.20"]
[SourceVersion "1"]
[SourceVersionDate "2014.11.20"]
[SourceQuality "1"]
[WhiteTeam "Boeblingen"]
[BlackTeam "Griesheim"]
[WhiteTeamCountry "GER"]
[BlackTeamCountry "GER"]

1. e4 c6 2. d4 d5 3. Nc3 dxe4 4. Nxe4 Bf5 5. Ng3 Bg6 6. h4 h6 7. Nf3 Nd7 8. h5 Bh7 9. Bd3 Bxd3 10. Qxd3 e6 11. Bd2 Ngf6 12. 0-0-0 Be7 13. Rhe1 0-0 14. Qe2 Rc8 15. Ne5 c5 16. Ng6 cxd4 17. Nxf8 Bxf8 18. Kb1 Qb6 19. Qd3 Nd5 1/2-1/2